Les Capitales d'Afrique - Mort Subite - Statistiques

Statistiques générales
  • Ce quiz a été pris 403 fois
  • Le résultat moyen est 10 sur 18
Answers on the Grid
Answers color-coded by a green-red scale on the quiz's grid according to % correct below.
Alger
Alexandrie
Marrakech
Tripoli
Dakar
Casablanca
Tunis
Accra
Dar el Salam
Harare
Rabat
Bamako
Benghazi
Kigali
Kano
Asmara
Lagos
Douala
Le Caire
Bujumbura
Victoria
Kinshasa
Banjul
Abidjan
Nairobi
Yaoundé
Mombasa
Maputo
Goma
Niamey
 
Statistiques - réponses
Réponse % Correct
Alger
98%
Tunis
82%
Dakar
77%
Le Caire
69%
Rabat
68%
Tripoli
65%
Nairobi
60%
Bamako
59%
Kinshasa
53%
Yaoundé
51%
Accra
48%
Kigali
43%
Harare
39%
Maputo
39%
Asmara
37%
Banjul
35%
Niamey
35%
Victoria
31%
Aucun quiz correspondant
Distribution des résultats
% des personnes avec chaque résultat
Percentile par nombre de réponses
Votre historique - résultats
Vous n’avez pas pris ce quiz